Visualizzazione normale
Vista MARC
- Lalo Edouard
di Personal Name
Records bibliografici associati: 2
001 - CONTROL NUMBER
- control field: 9346
003 - CONTROL NUMBER IDENTIFIER
- control field: IT-RoPau
005 - DATE AND TIME OF LATEST TRANSACTION
- control field: 20140116214159.0
008 - FIXED-LENGTH DATA ELEMENTS
- fixed length control field: 140116|| aca||aabn | a|a d
040 ## - CATALOGING SOURCE
- Original cataloging agency: IT-RoPau
- Transcribing agency: IT-RoPau
100 ## - HEADING--PERSONAL NAME
- Personal name: Lalo Edouard
670 ## - SOURCE DATA FOUND
- Source citation: Work cat.: (IT-RoPau)103012: Lalo Edouard, Lalo Namouna Ballet Music Rhapsody For orchestra Ansermet l'orchestre de la Suisse Romande